000 00490nam a2200157 i 4500
001 71275
003 ES-MaACL
005 20230906171101.0
007 t|
008 040806s1939 sp ||||1| spa d
100 1 _aGay de Montellá, Rafael.
_956117
245 1 3 _aEl Fuero del Trabajo y sistema del estado sindical corporativo /
_cRafael Gay de Montellá.
260 _aValladolid :
_b[s.n.,
_c1939] (
_fImp. Castellana)
300 _a190 p. ;
_c22 cm.
852 _aES-MaACL
_jA-4825
_bR.16771
999 _c71275
_d71275